Introducción a los estudios literarios /

Guardado en:
Autor Principal: Lapesa Melgar, Rafael
Formato: Libro
Publicado: Salamanca : Anaya
Series:Temas y estudios
Materias:
Etiquetas: Agregar Etiqueta
Sin Etiquetas, Sea el primero en etiquetar este registro!
LEADER 01299nam a22001815a 4500
001 CEM.cems012717
005 20070925190203.0
008 130507b######################000#0#####d
003 CEMS
082 0 4 |a 808 
100 1 |a Lapesa Melgar, Rafael 
245 1 0 |a Introducción a los estudios literarios /  |c Rafael Lapesa Melgar 
260 |a Salamanca :  |b Anaya 
300 |a 207 p. 
490 0 |a Temas y estudios 
505 0 |a El arte y la literatura -- Lo bello y otras nociones estéticas -- Creación y tradición literarias -- El lenguaje literario -- El lenguaje figurado -- Imágenes y epítetos -- El lenguaje poético -- Estilística -- El ritmo en el lenguaje -- La prosa y el verso -- Sistemas de versificación -- El verso regular español -- La rima -- Estrofa y verso -- Estrofas parasílabas de rima consonante -- Combinaciones imparasíilibas de rima consonante -- Combinaciones métricas de rima asonante -- Estribillos y glosas -- Versos sin rima -- Géneros literarios -- La poesía -- Poesía épica -- La epopeya -- Poemas épicos cultos -- Poesía épico-didáctica -- Poesía lírica -- Poesía dramática -- La novela -- La didáctica y la crítica -- La historia -- El periodismo -- La oratoria 
653 |a Estudios literarios 
859 |a CEMS  |b BIB. CEMS - 11 de abril  |h 808  |i L313  |p 23988.07  |t Ej.1